000 00497nam a2200181Ia 4500
005 20250423094954.0
008 250422s9999 xx 000 0 und d
020 _a9789352691258
050 _aHV 6773 .M36/
100 _aManoj, Jakhar
245 0 _aCyber crime :an introduction
260 _aNew Delhi
260 _bRandom Publications
260 _c2019
300 _a262 p
650 _a Computer crimes--Juvenile literature. Cyberterrorism--Juvenile literature.
942 _cBK
999 _c28850
_d28850